000 00483 a2200145 4500
001 ART_58360
005 20260410161830.0
008 260409a
245 1 0 _aDesempeño exportador de carne bovina en La Pampa (Argentina): 2003-2019
100 1 _aFerro Moreno, Santiago
700 1 _aPaturlanne, Jorge Luis
700 1 _aRoberto, Mariano
700 1 _aPérez, Santiago Agustín
773 0 _tEstudios Económicos
_g- Vol. 38, Nº 77 (jul./dic. 2021)
_wREV5080
999 _c23101
_d23101